[Event "15MCR_F"]
[Site "?"]
[Date "2001.??.??"]
[Round "?"]
[White "Doudera, Lubomir"]
[Black "Ridky, Vladimir"]
[Result "1/2-1/2"]
[WhiteElo "2240"]
[BlackElo "2275"]
[PlyCount "88"]
[EventDate "2001.??.??"]
[EventType "corr"]
[Source "Chess Mail Ltd"]
[SourceDate "2005.07.27"]

1. e4 c5 2. c3 Nf6 3. e5 Nd5 4. d4 cxd4 5. Nf3 Nc6 6. Bc4 Nb6 7. Bb3 d5 8. exd6
Qxd6 9. O-O Be6 10. Na3 dxc3 11. Qe2 Bxb3 12. Nb5 Qb8 13. axb3 e5 14. bxc3 Be7
15. Bg5 f6 16. Be3 Nd5 17. Nh4 a6 18. Qh5+ Kf8 19. Ng6+ hxg6 20. Qxh8+ Kf7 21.
Qxb8 Rxb8 22. Na7 Nxe3 23. Nxc6 bxc6 24. fxe3 Rxb3 25. Rfb1 Rxc3 26. Rb7 Ke6
27. Rxa6 f5 28. Kf2 e4 29. g3 g5 30. Ke2 Bf6 31. Rbb6 Kd5 32. Rb7 f4 33. exf4
gxf4 34. gxf4 Rc2+ 35. Kd1 Rxh2 36. Rd7+ Ke6 37. Rd2 Rh1+ 38. Ke2 Kf5 39. Rxc6
Kxf4 40. Rc7 Rh2+ 41. Kd1 Rxd2+ 42. Kxd2 Kf3 43. Rf7 Kf2 44. Rc7 e3+ 1/2-1/2

[Event "15MCR_F"]
[Site "?"]
[Date "2001.??.??"]
[Round "?"]
[White "Masek, Jan"]
[Black "Kudela, Stanislav"]
[Result "1-0"]
[WhiteElo "2330"]
[BlackElo "2440"]
[PlyCount "58"]
[EventDate "2001.??.??"]
[EventType "corr"]
[Source "Chess Mail Ltd"]
[SourceDate "2005.07.27"]

1. e4 c5 2. c3 d5 3. exd5 Qxd5 4. d4 Nc6 5. Nf3 Bg4 6. Be2 cxd4 7. cxd4 e6 8.
O-O Nf6 9. Nc3 Qa5 10. h3 Bh5 11. Be3 Rd8 12. a3 Be7 13. b4 Qc7 14. Qa4 a6 15.
Ne5 Bxe2 16. Nxe2 Nd5 17. Rfc1 Rc8 18. Ra2 Nb6 19. Qb3 Qd6 20. Rac2 O-O 21.
Nxc6 Rxc6 22. Rxc6 bxc6 23. Nf4 Rc8 24. Qd3 Ra8 25. Qc2 Rc8 26. Qe2 Ra8 27. Nd3
a5 28. Ne5 axb4 29. Rxc6 Qd8 1-0

[Event "15MCR_F"]
[Site "?"]
[Date "2001.??.??"]
[Round "?"]
[White "Rybak, Milan"]
[Black "Hybl, Jaroslav"]
[Result "1/2-1/2"]
[WhiteElo "2410"]
[BlackElo "2420"]
[PlyCount "23"]
[EventDate "2001.??.??"]
[EventType "corr"]
[Source "Chess Mail Ltd"]
[SourceDate "2005.07.27"]

1. e4 c5 2. c3 Nf6 3. e5 Nd5 4. d4 cxd4 5. Nf3 Nc6 6. Bc4 Nb6 7. Bb3 d5 8. exd6
Qxd6 9. O-O Be6 10. Na3 dxc3 11. Qe2 Bxb3 12. Nb5 {Zapis je dale nesrozumitelny
} 1/2-1/2

[Event "15MCR_F"]
[Site "?"]
[Date "2001.??.??"]
[Round "?"]
[White "Rybak, Milan"]
[Black "Kudela, Stanislav"]
[Result "1-0"]
[WhiteElo "2410"]
[BlackElo "2440"]
[PlyCount "57"]
[EventDate "2001.??.??"]
[EventType "corr"]
[Source "Chess Mail Ltd"]
[SourceDate "2005.07.27"]

1. e4 c5 2. c3 d5 3. exd5 Qxd5 4. d4 Nc6 5. Nf3 Bg4 6. Be2 cxd4 7. cxd4 e6 8.
h3 Bh5 9. Nc3 Qa5 10. d5 exd5 11. Nd4 Bxe2 12. Qxe2+ Be7 13. Nxc6 bxc6 14. O-O
Kf8 15. Bf4 Qd8 16. Rfe1 g6 17. Rac1 Kg7 18. Na4 Rc8 19. Qe3 Bf6 20. Nc5 Qb6
21. a3 h5 22. b4 h4 23. Qd3 Rd8 24. Be5 Rh5 25. Bxf6+ Nxf6 26. Qd4 Qc7 27. b5
Rd6 28. a4 Rh8 29. a5 {Cerny vystoupil} 1-0

[Event "15MCR_F"]
[Site "?"]
[Date "2001.??.??"]
[Round "?"]
[White "Rybak, Milan"]
[Black "Vrkoc, David"]
[Result "0-1"]
[WhiteElo "2410"]
[BlackElo "2355"]
[PlyCount "86"]
[EventDate "2001.??.??"]
[EventType "corr"]
[Source "Chess Mail Ltd"]
[SourceDate "2005.07.27"]

1. e4 c5 2. c3 d5 3. exd5 Qxd5 4. d4 Nf6 5. Nf3 Bg4 6. Be2 e6 7. h3 Bh5 8. O-O
Nc6 9. c4 Qf5 10. Qb3 Bxf3 11. Bxf3 Nxd4 12. Qxb7 Nxf3+ 13. gxf3 Rd8 14. Qc6+
Nd7 15. Nc3 Be7 16. Rd1 e5 17. Kh2 O-O 18. Be3 Nf6 19. Qc7 Rde8 20. Rd2 Qxf3
21. Rg1 e4 22. Bh6 Nh5 23. Nd5 Bh4 24. Qxc5 f5 25. Qxa7 Rf7 26. Qe3 f4 27. Qxf3
exf3 28. Bg5 Bg3+ 29. fxg3 fxg3+ 30. Rxg3 f2 31. Rg1 fxg1=Q+ 32. Kxg1 Rf3 33.
b4 Rg3+ 34. Rg2 Rxh3 35. Bd2 Ng3 36. Be3 Rh1+ 37. Kf2 Ne4+ 38. Kf3 h5 39. Rc2
Kf7 40. a4 g5 41. Kg2 Ra1 42. c5 h4 43. c6 g4 {Odhad} 0-1

[Event "15MCR_F"]
[Site "?"]
[Date "2001.??.??"]
[Round "?"]
[White "Vavrla, Zdenek"]
[Black "Hlavac, Rudolf"]
[Result "1-0"]
[WhiteElo "2320"]
[BlackElo "2350"]
[PlyCount "61"]
[EventDate "2001.??.??"]
[EventType "corr"]
[Source "Chess Mail Ltd"]
[SourceDate "2005.07.27"]

1. e4 c5 2. c3 d5 3. exd5 Qxd5 4. d4 Nf6 5. Nf3 e6 6. Na3 Qd8 7. Bd3 Nbd7 8.
Nc2 Be7 9. O-O O-O 10. Bf4 b6 11. Qe2 Bb7 12. Rad1 Qc8 13. Rfe1 Re8 14. Ne5 a6
15. Qe3 Bf8 16. Qh3 g6 17. dxc5 Nxc5 18. Bg5 Nxd3 19. Rxd3 Ne4 20. Nxf7 h5 21.
Qh4 Kxf7 22. Rxe4 Bxe4 23. Qxe4 Ra7 24. Rf3+ Kg8 25. Qxg6+ Rg7 26. Qxh5 Qd7 27.
Ne3 Rh7 28. Qg4 Rg7 29. Qh4 Be7 30. Bxe7 Qxe7 31. Qc4 1-0

[Event "15MCR_F"]
[Site "?"]
[Date "2001.??.??"]
[Round "?"]
[White "Vavrla, Zdenek"]
[Black "Hybl, Jaroslav"]
[Result "1/2-1/2"]
[WhiteElo "2320"]
[BlackElo "2420"]
[PlyCount "60"]
[EventDate "2001.??.??"]
[EventType "corr"]
[Source "Chess Mail Ltd"]
[SourceDate "2005.07.27"]

1. e4 c5 2. c3 Nf6 3. e5 Nd5 4. d4 cxd4 5. Nf3 Nc6 6. Bc4 Nb6 7. Bb3 d5 8. exd6
Qxd6 9. O-O Be6 10. Bxe6 Qxe6 11. Nxd4 Nxd4 12. Qxd4 Rd8 13. Qf4 g6 14. Qc7 Qd7
15. Qe5 f6 16. Qa5 Qa4 17. Qxa4+ Nxa4 18. b3 Nc5 19. Be3 e5 20. c4 Rd3 21. Rc1
Ne6 22. Nc3 Ba3 23. Rc2 Bc5 24. Bxc5 Nxc5 25. f4 exf4 26. Nd5 f5 27. Re2+ Ne4
28. Nxf4 Rd6 29. Rae1 Kf7 30. Nd5 b5 1/2-1/2

[Event "15MCR_F"]
[Site "?"]
[Date "2001.??.??"]
[Round "?"]
[White "Vavrla, Zdenek"]
[Black "Kudela, Stanislav"]
[Result "1-0"]
[WhiteElo "2320"]
[BlackElo "2440"]
[PlyCount "53"]
[EventDate "2001.??.??"]
[EventType "corr"]
[Source "Chess Mail Ltd"]
[SourceDate "2005.07.27"]

1. e4 c5 2. c3 d5 3. exd5 Qxd5 4. d4 Nc6 5. Nf3 Bg4 6. Be2 cxd4 7. cxd4 e6 8.
Nc3 Qa5 9. h3 Bh5 10. d5 exd5 11. Nd4 Bxe2 12. Qxe2+ Be7 13. Nxc6 bxc6 14. O-O
Kf8 15. Bf4 Qd8 16. Rad1 g6 17. b4 Bf6 18. Qf3 Kg7 19. Rfe1 a6 20. Ne4 h6 21.
a4 h5 22. Nd6 Qf8 23. b5 cxb5 24. axb5 axb5 25. Qxd5 Rd8 26. Be5 Kh7 27. Qxb5
1-0

[Event "15MCR_F"]
[Site "?"]
[Date "2001.??.??"]
[Round "?"]
[White "Masek, Jan"]
[Black "Hybl, Jaroslav"]
[Result "1/2-1/2"]
[WhiteElo "2330"]
[BlackElo "2420"]
[PlyCount "62"]
[EventDate "2001.??.??"]
[EventType "corr"]
[Source "Chess Mail Ltd"]
[SourceDate "2005.07.27"]

1. e4 c5 2. f4 g6 3. Nf3 Bg7 4. Nc3 d6 5. Bc4 Nc6 6. d3 e6 7. O-O Nge7 8. Qe1
h6 9. Bb3 a6 10. e5 Nf5 11. Kh1 Nfd4 12. Ne4 Nxf3 13. Rxf3 dxe5 14. fxe5 Nxe5
15. Rf1 g5 16. Qg3 O-O 17. Nxc5 b6 18. Ne4 Ng6 19. Be3 Bxb2 20. Rae1 Be5 21.
Qf2 Rb8 22. Nf6+ Bxf6 23. Qxf6 Qxf6 24. Rxf6 Rd8 25. Ref1 Rb7 26. Kg1 b5 27. a4
Rd6 28. axb5 axb5 29. Bd2 Rc7 30. h4 gxh4 31. Bxh6 Bb7 1/2-1/2

[Event "15MCR_F"]
[Site "?"]
[Date "2001.??.??"]
[Round "?"]
[White "Boukal, Petr"]
[Black "Hlavac, Rudolf"]
[Result "1/2-1/2"]
[WhiteElo "2450"]
[BlackElo "2350"]
[PlyCount "72"]
[EventDate "2001.??.??"]
[EventType "corr"]
[Source "Chess Mail Ltd"]
[SourceDate "2005.07.27"]

1. e4 c5 2. Nf3 Nc6 3. Bb5 g6 4. Bxc6 dxc6 5. d3 Bg7 6. h3 Nf6 7. Nc3 b6 8. Be3
O-O 9. Qd2 e5 10. Bh6 Qe7 11. O-O-O Nh5 12. Ne2 a5 13. g4 Qf6 14. Bxg7 Nxg7 15.
Qe3 b5 16. Rhg1 a4 17. h4 a3 18. b3 c4 19. dxc4 bxc4 20. g5 Qe7 21. Rd2 Ra5 22.
Qc3 Rc5 23. bxc4 Qe6 24. Ng3 Ba6 25. Qxa3 Qxc4 26. Qb3 Ra5 27. Qxc4 Bxc4 28.
Rd6 Rc5 29. Kd2 Ra8 30. Ra1 Kf8 31. Rd7 Ra3 32. Nh2 Ne8 33. Rb7 Be6 34. Rb8 Ke7
35. Rb7+ Kf8 36. Rb8 Ke7 1/2-1/2

[Event "15MCR_F"]
[Site "?"]
[Date "2001.??.??"]
[Round "?"]
[White "Foukal, Zdenek"]
[Black "Hlavac, Rudolf"]
[Result "1/2-1/2"]
[WhiteElo "2335"]
[BlackElo "2350"]
[PlyCount "84"]
[EventDate "2001.??.??"]
[EventType "corr"]
[Source "Chess Mail Ltd"]
[SourceDate "2005.07.27"]

1. e4 c5 2. Nf3 Nc6 3. d4 cxd4 4. Nxd4 Nf6 5. Nc3 e5 6. Ndb5 d6 7. Bg5 a6 8.
Na3 b5 9. Bxf6 gxf6 10. Nd5 Bg7 11. c3 f5 12. exf5 Bxf5 13. Nc2 Be6 14. Nce3
Ne7 15. Nxe7 Qxe7 16. a4 b4 17. Nd5 Qb7 18. Nxb4 O-O 19. a5 d5 20. Be2 d4 21.
O-O e4 22. Bxa6 Rxa6 23. Nxa6 Qxa6 24. cxd4 Rd8 25. Qc1 Rxd4 26. Rd1 Rd3 27.
Qc7 h6 28. Rxd3 exd3 29. Qf4 Qb5 30. a6 Qxb2 31. Rd1 Qa3 32. Qb8+ Kh7 33. Qb5
d2 34. h3 Bc8 35. Qb1+ f5 36. Qc2 Qxa6 37. Rxd2 Be6 38. Qd1 Qa5 39. Re2 Bd5 40.
Re7 Qc5 41. Rd7 Bc6 42. Rc7 Qd5 1/2-1/2

[Event "15MCR_F"]
[Site "?"]
[Date "2001.??.??"]
[Round "?"]
[White "Hlavac, Rudolf"]
[Black "Vaindl, Jaroslav"]
[Result "1/2-1/2"]
[WhiteElo "2350"]
[BlackElo "2325"]
[PlyCount "46"]
[EventDate "2001.??.??"]
[EventType "corr"]
[Source "Chess Mail Ltd"]
[SourceDate "2005.07.27"]

1. e4 c5 2. Nf3 Nc6 3. d4 cxd4 4. Nxd4 Nf6 5. Nc3 e5 6. Ndb5 d6 7. Bg5 a6 8.
Na3 b5 9. Bxf6 gxf6 10. Nd5 Bg7 11. c3 f5 12. Bd3 Ne7 13. Nxe7 Qxe7 14. O-O Bb7
15. Re1 O-O 16. exf5 Qg5 17. g3 d5 18. Nc2 e4 19. Bf1 Qxf5 20. a4 bxa4 21. Rxa4
Qg6 22. Rb4 Bc6 23. Nd4 Rfb8 1/2-1/2

[Event "15MCR_F"]
[Site "?"]
[Date "2001.??.??"]
[Round "?"]
[White "Omelka, Roman"]
[Black "Vaindl, Jaroslav"]
[Result "1-0"]
[WhiteElo "2270"]
[BlackElo "2325"]
[PlyCount "25"]
[EventDate "2001.??.??"]
[EventType "corr"]
[Source "Chess Mail Ltd"]
[SourceDate "2005.07.27"]

1. e4 c5 2. Nf3 Nc6 3. d4 cxd4 4. Nxd4 Nf6 5. Nc3 e5 6. Ndb5 d6 7. Bg5 a6 8.
Na3 b5 9. Bxf6 gxf6 10. Nd5 Bg7 11. Bd3 Ne7 12. Nxe7 Qd7 13. Nf5 1-0

[Event "15MCR_F"]
[Site "?"]
[Date "2001.??.??"]
[Round "?"]
[White "Trexler, Evzen"]
[Black "Ridky, Vladimir"]
[Result "1/2-1/2"]
[WhiteElo "2350"]
[BlackElo "2275"]
[PlyCount "102"]
[EventDate "2001.??.??"]
[EventType "corr"]
[Source "Chess Mail Ltd"]
[SourceDate "2005.07.27"]

1. e4 c5 2. Nf3 Nc6 3. d4 cxd4 4. Nxd4 Nf6 5. Nc3 e5 6. Ndb5 d6 7. Bg5 a6 8.
Bxf6 gxf6 9. Na3 b5 10. Nd5 Bg7 11. Bd3 Ne7 12. Nxe7 Qxe7 13. c3 f5 14. Nc2 O-O
15. Ne3 f4 16. Nd5 Qb7 17. Qf3 Be6 18. g4 b4 19. c4 Rac8 20. g5 Bxd5 21. cxd5
Rc7 22. O-O f6 23. gxf6 Bxf6 24. Kh1 Kh8 25. Rg1 a5 26. Rg4 Rg7 27. Rxg7 Qxg7
28. Bf1 Qa7 29. Bh3 Bh4 30. Rf1 Rg8 31. Be6 Rg6 32. Bf5 Rg8 33. Qh3 Bd8 34. Rc1
Bb6 35. Be6 Rb8 36. Qh6 Qe7 37. Rf1 Bd4 38. b3 Rf8 39. h3 Qf6 40. Qh5 Bc5 41.
Kh2 Bb6 42. Qg4 Qg7 43. Qf3 Qa7 44. h4 Bd4 45. h5 Bb6 46. h6 Rf6 47. Qh5 Qe7
48. Rg1 Rg6 49. Rc1 Qf6 50. Rc8+ Bd8 51. Bf5 Rg5 1/2-1/2

[Event "15MCR_F"]
[Site "?"]
[Date "2001.??.??"]
[Round "?"]
[White "Votypka, Miroslav"]
[Black "Hlavac, Rudolf"]
[Result "1/2-1/2"]
[WhiteElo "2355"]
[BlackElo "2350"]
[PlyCount "61"]
[EventDate "2001.??.??"]
[EventType "corr"]
[Source "Chess Mail Ltd"]
[SourceDate "2005.07.27"]

1. e4 c5 2. Nf3 Nc6 3. d4 cxd4 4. Nxd4 Nf6 5. Nc3 e5 6. Ndb5 d6 7. Bg5 a6 8.
Na3 b5 9. Bxf6 gxf6 10. Nd5 Bg7 11. c3 f5 12. exf5 Bxf5 13. Nc2 Be6 14. Nce3
Ne7 15. g3 Nxd5 16. Nxd5 O-O 17. Bg2 a5 18. O-O Rb8 19. Qh5 Kh8 20. Rad1 f5 21.
Rd2 Bf7 22. Qh3 Bg6 23. Rfd1 f4 24. gxf4 exf4 25. Kh1 Be5 26. Bf3 b4 27. cxb4
axb4 28. Rg1 Bf5 29. Qh6 b3 30. axb3 Rxb3 31. Re2 1/2-1/2

[Event "15MCR_F"]
[Site "?"]
[Date "2001.??.??"]
[Round "?"]
[White "Hybl, Vladislav"]
[Black "Trexler, Evzen"]
[Result "1/2-1/2"]
[WhiteElo "2240"]
[BlackElo "2350"]
[PlyCount "36"]
[EventDate "2001.??.??"]
[EventType "corr"]
[Source "Chess Mail Ltd"]
[SourceDate "2005.07.27"]

1. e4 c5 2. Nf3 d6 3. c4 Bg4 4. Be2 Nc6 5. O-O g6 6. Nc3 Bg7 7. h3 Bxf3 8. Bxf3
Nf6 9. d3 O-O 10. Be3 Nd7 11. Qd2 e6 12. g3 Nd4 13. Bg2 Nb8 14. Bxd4 Bxd4 15.
e5 Nc6 16. exd6 Qxd6 17. Nb5 Qd7 18. Bxc6 bxc6 1/2-1/2

[Event "15MCR_F"]
[Site "?"]
[Date "2001.??.??"]
[Round "?"]
[White "Kostal, Jindrich"]
[Black "Ridky, Vladimir"]
[Result "1/2-1/2"]
[WhiteElo "2305"]
[BlackElo "2275"]
[PlyCount "65"]
[EventDate "2001.??.??"]
[EventType "corr"]
[Source "Chess Mail Ltd"]
[SourceDate "2005.07.27"]

1. e4 c5 2. Nf3 Nc6 3. Bb5 d6 4. d4 cxd4 5. Nxd4 Bd7 6. O-O g6 7. Be3 Bg7 8.
Nc3 Nf6 9. f3 O-O 10. Qd2 a6 11. Be2 Qc7 12. Kh1 b5 13. a3 Rfc8 14. Nxc6 Bxc6
15. Bd4 Qb7 16. Rfd1 Rd8 17. Na2 e5 18. Bc3 Qa7 19. Ba5 Rd7 20. Bd3 Qc5 21. Nb4
Bb7 22. a4 d5 23. exd5 bxa4 24. Rxa4 Nxd5 25. Nxd5 Qxd5 26. Bc3 Qe6 27. Rda1
Rad8 28. Qe2 e4 29. fxe4 Bxc3 30. bxc3 Qe5 31. c4 Rc8 32. Qf2 Bxe4 33. Ra5
1/2-1/2

[Event "15MCR_F"]
[Site "?"]
[Date "2001.??.??"]
[Round "?"]
[White "Boukal, Petr"]
[Black "Hybl, Jaroslav"]
[Result "1/2-1/2"]
[WhiteElo "2450"]
[BlackElo "2420"]
[PlyCount "43"]
[EventDate "2001.??.??"]
[EventType "corr"]
[Source "Chess Mail Ltd"]
[SourceDate "2005.07.27"]

1. e4 c5 2. Nf3 d6 3. Bb5+ Bd7 4. Bxd7+ Qxd7 5. c4 Nc6 6. Nc3 Nf6 7. O-O e6 8.
d4 cxd4 9. Nxd4 Be7 10. Be3 O-O 11. f3 Rfd8 12. Rc1 Ne5 13. Qe2 Rac8 14. b3 d5
15. cxd5 exd5 16. Nxd5 Nxd5 17. exd5 Rxc1 18. Rxc1 Qxd5 19. Qb5 Qxb5 20. Nxb5
a6 21. Nd4 g6 22. Rc7 1/2-1/2

[Event "15MCR_F"]
[Site "?"]
[Date "2001.??.??"]
[Round "?"]
[White "Boukal, Petr"]
[Black "Kudela, Stanislav"]
[Result "1-0"]
[WhiteElo "2450"]
[BlackElo "2440"]
[PlyCount "51"]
[EventDate "2001.??.??"]
[EventType "corr"]
[Source "Chess Mail Ltd"]
[SourceDate "2005.07.27"]

1. e4 c5 2. Nf3 d6 3. Bb5+ Bd7 4. Bxd7+ Nxd7 5. O-O Ngf6 6. Qe2 Rc8 7. b3 g6 8.
c3 Bg7 9. d4 cxd4 10. cxd4 Qa5 11. Bd2 Qh5 12. Nc3 O-O 13. h3 Bh6 14. Bxh6 Qxh6
15. Rac1 Rc6 16. Rc2 Rfc8 17. Rfc1 e6 18. Qd3 a6 19. e5 Ne8 20. a4 Qf8 21. Qd2
dxe5 22. dxe5 Nc5 23. Nd4 Rd8 24. Rb1 Rcc8 25. Qe3 f6 26. exf6 {
Cerny vystoupil z turnaje} 1-0

[Event "15MCR_F"]
[Site "?"]
[Date "2001.??.??"]
[Round "?"]
[White "Hlavac, Rudolf"]
[Black "Hybl, Jaroslav"]
[Result "1/2-1/2"]
[WhiteElo "2350"]
[BlackElo "2420"]
[PlyCount "34"]
[EventDate "2001.??.??"]
[EventType "corr"]
[Source "Chess Mail Ltd"]
[SourceDate "2005.07.27"]

1. e4 c5 2. Nf3 d6 3. d4 cxd4 4. Qxd4 Nc6 5. Bb5 Bd7 6. Bxc6 Bxc6 7. c4 f5 8.
exf5 Qa5+ 9. Nc3 Qxf5 10. O-O Nf6 11. Re1 Bxf3 12. gxf3 e5 13. Nb5 Qxf3 14.
Nxd6+ Bxd6 15. Qxd6 Qg4+ 16. Kh1 Qf3+ 17. Kg1 Qg4+ 1/2-1/2

[Event "15MCR_F"]
[Site "?"]
[Date "2001.??.??"]
[Round "?"]
[White "Hlavac, Rudolf"]
[Black "Kudela, Stanislav"]
[Result "1-0"]
[WhiteElo "2350"]
[BlackElo "2440"]
[PlyCount "48"]
[EventDate "2001.??.??"]
[EventType "corr"]
[Source "Chess Mail Ltd"]
[SourceDate "2005.07.27"]

1. e4 c5 2. Nf3 d6 3. d4 cxd4 4. Qxd4 Nc6 5. Bb5 Bd7 6. Bxc6 Bxc6 7. c4 f5 8.
exf5 Qa5+ 9. Nc3 Qxf5 10. O-O Nf6 11. Nb5 e5 12. Nxd6+ Bxd6 13. Qxd6 Bxf3 14.
gxf3 Rd8 15. Qc5 b6 16. Qc6+ Kf7 17. Be3 Rhe8 18. Rfd1 Rc8 19. Qa4 Re7 20. Rac1
Qxf3 21. c5 bxc5 22. Rxc5 Rxc5 23. Bxc5 Ne4 24. Qc4+ Kg6 {
Cerny vystoupil z turnaje.} 1-0

[Event "15MCR_F"]
[Site "?"]
[Date "2001.??.??"]
[Round "?"]
[White "Hlavac, Rudolf"]
[Black "Trexler, Evzen"]
[Result "1/2-1/2"]
[WhiteElo "2350"]
[BlackElo "2350"]
[PlyCount "32"]
[EventDate "2001.??.??"]
[EventType "corr"]
[Source "Chess Mail Ltd"]
[SourceDate "2005.07.27"]

1. e4 c5 2. Nf3 d6 3. d4 cxd4 4. Qxd4 Nc6 5. Bb5 Bd7 6. Bxc6 Bxc6 7. c4 Nf6 8.
Nc3 g6 9. O-O Bg7 10. Qd3 O-O 11. Nd4 Nd7 12. b3 Nc5 13. Qe3 Qb6 14. Bb2 Ne6
15. Nxc6 bxc6 16. Qd2 Nc5 1/2-1/2

[Event "15MCR_F"]
[Site "?"]
[Date "2001.??.??"]
[Round "?"]
[White "Hlavac, Rudolf"]
[Black "Vrkoc, David"]
[Result "1/2-1/2"]
[WhiteElo "2350"]
[BlackElo "2355"]
[PlyCount "32"]
[EventDate "2001.??.??"]
[EventType "corr"]
[Source "Chess Mail Ltd"]
[SourceDate "2005.07.27"]

1. e4 c5 2. Nf3 d6 3. d4 cxd4 4. Qxd4 a6 5. c4 Nc6 6. Qd2 g6 7. b3 Bg7 8. Nc3
Nf6 9. Bb2 O-O 10. h3 Qa5 11. Bd3 Nh5 12. O-O f5 13. a3 fxe4 14. b4 Qd8 15.
Bxe4 Nf6 16. Bc2 Nh5 1/2-1/2

[Event "15MCR_F"]
[Site "?"]
[Date "2001.??.??"]
[Round "?"]
[White "Foukal, Zdenek"]
[Black "Hybl, Jaroslav"]
[Result "0-1"]
[WhiteElo "2335"]
[BlackElo "2420"]
[PlyCount "90"]
[EventDate "2001.??.??"]
[EventType "corr"]
[Source "Chess Mail Ltd"]
[SourceDate "2005.07.27"]

1. e4 c5 2. Nf3 d6 3. d4 cxd4 4. Nxd4 Nf6 5. Nc3 a6 6. Be2 e6 7. O-O Be7 8. Be3
O-O 9. f4 Nc6 10. Qe1 Nxd4 11. Bxd4 b5 12. a3 Bb7 13. Qg3 Bc6 14. Kh1 Qd7 15.
Rad1 Qb7 16. Bf3 a5 17. Rfe1 b4 18. Nb1 Rfd8 19. Nd2 Qb5 20. c4 bxc3 21. bxc3
Rab8 22. c4 Qa6 23. Rb1 Qa8 24. Rxb8 Rxb8 25. e5 dxe5 26. fxe5 Nd7 27. Rf1 Bxf3
28. Rxf3 Qb7 29. Qf4 Rf8 30. Rg3 Rc8 31. Qg4 Bf8 32. Rh3 Qc7 33. Qh5 h6 34. Rf3
g6 35. Qh4 Bg7 36. Qf4 Nxe5 37. Bxe5 Bxe5 38. Qxh6 Rd8 39. Rf1 a4 40. h3 Rd3
41. Nf3 Bf4 42. Qh4 Rxa3 43. Qf6 Rd3 44. Nh4 Be5 45. Qf2 Bd4 0-1

[Event "15MCR_F"]
[Site "?"]
[Date "2001.??.??"]
[Round "?"]
[White "Votypka, Miroslav"]
[Black "Foukal, Zdenek"]
[Result "1/2-1/2"]
[WhiteElo "2355"]
[BlackElo "2335"]
[PlyCount "82"]
[EventDate "2001.??.??"]
[EventType "corr"]
[Source "Chess Mail Ltd"]
[SourceDate "2005.07.27"]

1. e4 c5 2. Nf3 d6 3. d4 cxd4 4. Nxd4 Nf6 5. Nc3 e6 6. Be3 a6 7. Be2 Be7 8. f4
O-O 9. O-O Nc6 10. a4 Qc7 11. Kh1 Re8 12. Bf3 Na5 13. g4 Bf8 14. g5 Nd7 15. Bg2
b6 16. Qe1 Bb7 17. Rd1 Rac8 18. Bc1 Nc6 19. Nde2 Nb4 20. Qd2 d5 21. f5 Ne5 22.
fxe6 dxe4 23. exf7+ Nxf7 24. Qd7 Qxd7 25. Rxd7 Nd8 26. Be3 Bc6 27. Rd2 Bc5 28.
Bxc5 bxc5 29. Ng3 e3 30. Re2 Bxg2+ 31. Kxg2 Ne6 32. Nf5 Rb8 33. Kh1 Nd4 34.
Rxe3 Nbxc2 35. Ne7+ Kh8 36. Re4 Rf8 37. Rxf8+ Rxf8 38. Ncd5 Rb8 39. Nf4 g6 40.
Ned5 Nf3 41. Ne6 Ncd4 1/2-1/2

[Event "15MCR_F"]
[Site "?"]
[Date "2001.??.??"]
[Round "?"]
[White "Ridky, Vladimir"]
[Black "Foukal, Zdenek"]
[Result "1/2-1/2"]
[WhiteElo "2275"]
[BlackElo "2335"]
[PlyCount "47"]
[EventDate "2001.??.??"]
[EventType "corr"]
[Source "Chess Mail Ltd"]
[SourceDate "2005.07.27"]

1. e4 c5 2. Nf3 d6 3. d4 cxd4 4. Nxd4 Nf6 5. Nc3 a6 6. Be3 Ng4 7. Bg5 h6 8. Bh4
g5 9. Bg3 Bg7 10. h3 Nf6 11. Qf3 Qb6 12. O-O-O Nc6 13. Nxc6 Qxc6 14. e5 Qxf3
15. gxf3 dxe5 16. Bxe5 Bd7 17. f4 Bc6 18. Rg1 Rg8 19. Re1 Nh5 20. fxg5 hxg5 21.
Bxg7 Rxg7 22. Ne4 f6 23. Nc5 Nf4 24. h4 1/2-1/2

[Event "15MCR_F"]
[Site "?"]
[Date "2001.??.??"]
[Round "?"]
[White "Trexler, Evzen"]
[Black "Foukal, Zdenek"]
[Result "1-0"]
[WhiteElo "2350"]
[BlackElo "2335"]
[PlyCount "93"]
[EventDate "2001.??.??"]
[EventType "corr"]
[Source "Chess Mail Ltd"]
[SourceDate "2005.07.27"]

1. e4 c5 2. Nf3 d6 3. d4 cxd4 4. Nxd4 Nf6 5. Nc3 a6 6. Be2 e5 7. Nb3 Be7 8. O-O
Be6 9. f4 Qc7 10. f5 Bc8 11. a4 b6 12. Bg5 Nbd7 13. Nd2 Bb7 14. Bc4 Qc5+ 15.
Kh1 h6 16. Bh4 O-O 17. Bf2 Qc7 18. Qe2 Rfc8 19. Rad1 Nc5 20. b3 Rd8 21. Rfe1
Rac8 22. Qf3 Qb8 23. Bh4 Ncd7 24. Nf1 Rc7 25. Ng3 Rdc8 26. Nh5 Rxc4 27. bxc4
Rxc4 28. Bxf6 Nxf6 29. Nxf6+ Bxf6 30. Nd5 Bxd5 31. Rxd5 Rxa4 32. Qc3 Qb7 33.
Rxd6 Rxe4 34. Rxe4 Qxe4 35. Rxb6 Qf4 36. Rb1 e4 37. Qg3 Qxf5 38. Qe3 Bg5 39.
Qe2 a5 40. Rb5 Qf4 41. g3 Qc1+ 42. Kg2 Qd2 43. Qxd2 Bxd2 44. Re5 f5 45. c4 Kf7
46. c5 Bg5 47. c6 1-0

[Event "15MCR_F"]
[Site "?"]
[Date "2001.??.??"]
[Round "?"]
[White "Hala, Martin"]
[Black "Hybl, Jaroslav"]
[Result "1/2-1/2"]
[WhiteElo "2415"]
[BlackElo "2420"]
[PlyCount "43"]
[EventDate "2001.??.??"]
[EventType "corr"]
[Source "Chess Mail Ltd"]
[SourceDate "2005.07.27"]

1. e4 c5 2. Nf3 d6 3. d4 cxd4 4. Nxd4 Nf6 5. Nc3 a6 6. Bg5 e6 7. f4 Qb6 8. a3
Nbd7 9. f5 h6 10. Bh4 exf5 11. exf5 Be7 12. Bc4 O-O 13. O-O Ne5 14. Bb3 Re8 15.
Kh1 Bd7 16. Bxf6 Bxf6 17. Nd5 Qd8 18. Qh5 Bc6 19. Rad1 Rc8 20. c3 Bxd5 21. Bxd5
Qc7 22. Rde1 1/2-1/2

[Event "15MCR_F"]
[Site "?"]
[Date "2001.??.??"]
[Round "?"]
[White "Hala, Martin"]
[Black "Kudela, Stanislav"]
[Result "1-0"]
[WhiteElo "2415"]
[BlackElo "2440"]
[PlyCount "49"]
[EventDate "2001.??.??"]
[EventType "corr"]
[Source "Chess Mail Ltd"]
[SourceDate "2005.07.27"]

1. e4 c5 2. Nf3 d6 3. d4 cxd4 4. Nxd4 Nf6 5. Nc3 a6 6. Bg5 e6 7. f4 Qb6 8. a3
Nc6 9. Nb3 Be7 10. Qd2 O-O 11. O-O-O Rd8 12. Bxf6 Bxf6 13. g4 Na5 14. Nd4 Bd7
15. g5 Be7 16. h4 Nc6 17. Nb3 Na5 18. Nxa5 Qxa5 19. Kb1 Qb6 20. Ka1 Qc5 21. h5
b5 22. Bd3 b4 23. Kb1 a5 24. g6 Bf6 25. gxh7+ {Cerny vystoupil z turnaje.} 1-0

[Event "15MCR_F"]
[Site "?"]
[Date "2001.??.??"]
[Round "?"]
[White "Hala, Martin"]
[Black "Trexler, Evzen"]
[Result "1/2-1/2"]
[WhiteElo "2415"]
[BlackElo "2350"]
[PlyCount "72"]
[EventDate "2001.??.??"]
[EventType "corr"]
[Source "Chess Mail Ltd"]
[SourceDate "2005.07.27"]

1. e4 c5 2. Nf3 d6 3. d4 cxd4 4. Nxd4 Nf6 5. Nc3 a6 6. Bg5 e6 7. f4 Qb6 8. a3
Nbd7 9. f5 exf5 10. exf5 Be7 11. Bc4 d5 12. Bb3 O-O 13. O-O Bc5 14. Be3 Re8 15.
Bf2 Qd6 16. Kh1 Nb6 17. Qf3 Bd7 18. Bg3 Qe7 19. Rae1 Qf8 20. Qd3 Rxe1 21. Rxe1
Re8 22. Rxe8 Qxe8 23. Nf3 Qe3 24. Qxe3 Bxe3 25. Be5 Bxf5 26. Bxf6 gxf6 27. Nxd5
Nxd5 28. Bxd5 b6 29. Ne1 Bc1 30. Nd3 Bxd3 31. cxd3 Bxb2 32. Bb7 Bxa3 33. Bxa6
Kf8 34. g4 Kg7 35. Kg2 Kg6 36. Bc4 Bc5 1/2-1/2